National markets overview (Record no. 73974)

MARC details
000 -LEADER
fixed length control field 01681cam a2200313 4500
001 - CONTROL NUMBER
control field ABS67346
008 - FIXED-LENGTH DATA ELEMENTS--GENERAL INFORMATION
fixed length control field 031219n2003 000 0 eng u
035 ## - SYSTEM CONTROL NUMBER
System control number (Sirsi) u124651
100 ## - MAIN ENTRY--PERSONAL NAME
Personal name Vass, J.
245 ## - TITLE STATEMENT
Title National markets overview
260 ## - PUBLICATION, DISTRIBUTION, ETC.
Date of publication, distribution, etc. 2003
490 ## - SERIES STATEMENT
Series statement CML Housing Finance
Volume/sequential designation (60) Winter 2003, 13-26(14)
520 ## - SUMMARY, ETC.
Summary, etc. Provides an overview of the economies, housing and mortgage markets in England, Wales, Scotland and Northern Ireland. Examines demographics and tenure profiles, economic context, house prices, affordability, lending volumes and values, mortgage characteristics and possessions. Concludes that the UK as whole has experienced a protracted period of buoyancy in the housing and mortgage markets with marked countrywide differences. Notes that lending in the first half of 2003 was 25% higher than the corresponding period in 2002, that affordability constraints are picking up across the countries, first-time buyers' numbers are falling nationwide, current low interest rates are ensuring that mortgage payments as a proportion of income remains relatively low and possessions have fallen across all four countries. Tables and charts illustrating each section of the overview.
590 ## - LOCAL NOTE (RLIN)
Local note ABS
650 ## - SUBJECT ADDED ENTRY--TOPICAL TERM
Topical term or geographic name entry element MORTGAGE PAYMENTS
650 ## - SUBJECT ADDED ENTRY--TOPICAL TERM
Topical term or geographic name entry element FIRST-TIME BUYERS
650 ## - SUBJECT ADDED ENTRY--TOPICAL TERM
Topical term or geographic name entry element INTEREST RATES
650 ## - SUBJECT ADDED ENTRY--TOPICAL TERM
Topical term or geographic name entry element FIRST-TIME BUYERS
650 ## - SUBJECT ADDED ENTRY--TOPICAL TERM
Topical term or geographic name entry element WALES
650 ## - SUBJECT ADDED ENTRY--TOPICAL TERM
Topical term or geographic name entry element SCOTLAND
650 ## - SUBJECT ADDED ENTRY--TOPICAL TERM
Topical term or geographic name entry element AFFORDABILITY
650 ## - SUBJECT ADDED ENTRY--TOPICAL TERM
Topical term or geographic name entry element NORTHERN IRELAND
650 ## - SUBJECT ADDED ENTRY--TOPICAL TERM
Topical term or geographic name entry element MORTGAGE MARKET
650 ## - SUBJECT ADDED ENTRY--TOPICAL TERM
Topical term or geographic name entry element DEMOGRAPHICS
650 ## - SUBJECT ADDED ENTRY--TOPICAL TERM
Topical term or geographic name entry element HOUSE PRICES
650 ## - SUBJECT ADDED ENTRY--TOPICAL TERM
Topical term or geographic name entry element REPOSSESSIONS
690 ## - LOCAL SUBJECT ADDED ENTRY--TOPICAL TERM (OCLC, RLIN)
Topical term or geographic name as entry element PROPERTY-RESIDENTIAL PROPERTY-RESIDENTIAL PROPERTY MARKET
942 ## - ADDED ENTRY ELEMENTS (KOHA)
Suppress in OPAC 0
Holdings
Withdrawn status Lost status Source of classification or shelving scheme Damaged status Not for loan Home library Current library Shelving location Date acquired Total Checkouts Full call number Barcode Date last seen Copy number Price effective from Koha item type
    Dewey Decimal Classification     London London Journal article 19/12/2003   ABS67346 124651-1001 06/08/2019 1 06/08/2019 Journal article